عرض عادي
عرض مارك
- الذكاء
مدخل مصطلح موضوعي
001 - رقم الضبط
- حقل الضبط: 41225
003 - معرف رقم الضبط
- حقل الضبط: OSt
005 - تاريخ ووقت أخر عملية
- حقل الضبط: 20131230112602.0
008 - عناصر بيانات ثابتة الطول
- حقل تحكم ثابت الطول: 131230|||a|||||| | ||| d
040 ## - مصدر الفهرسة
- هيئة الفهرسة الأصلية: OSt
- وكالة الكتابة: OSt
150 ## - مدخل-- مصطلح تاريخي
- عنصر مدخل المصطلح الموضوعي او الاسم الجغرافي: الذكاء
- تفريع عام: جوانب نفسية
670 ## - بيانات المصدر موجوده
- الاستشهاد بالمصدر: Work cat.: (OSt): حسن ، أنعام هادي 41224, الذكاء الإنفعالي وعلاقته بأساليب التعامل مع الضغوط النفسية /, 2013
